Cấp cứu nhi khoa

সংরক্ষণ করুন:
গ্রন্থ-পঞ্জীর বিবরন
প্রধান লেখক: Chu Văn Tường
অন্যান্য লেখক: Nguyễn Công Khanh, Trần Quy
বিন্যাস: গ্রন্থ
প্রকাশিত: H. Y học 1984
বিষয়গুলি:
ট্যাগগুলো: ট্যাগ যুক্ত করুন
কোনো ট্যাগ নেই, প্রথমজন হিসাবে ট্যাগ করুন!
Thư viện lưu trữ: Trung tâm Học liệu Lê Vũ Hùng, Trường Đại học Đồng Tháp
LEADER 00720pam a22002298a 4500
001 00015755
005 20171026081022.0
008 110330s1984 ||||||Viesd
020 |c 2400 
041 0 # |a Vie 
082 1 4 |a 618.920 07  |b C123C 
100 0 # |a Chu Văn Tường 
245 0 0 |a Cấp cứu nhi khoa  |c Chu Văn Tường, Nguyễn Công Khanh, Trần Quý 
260 # # |a H.  |b Y học  |c 1984 
300 # # |a 450 tr.  |c 19 cm. 
650 # 4 |a Cấp cứu nhi khoa 
700 0 # |a Nguyễn Công Khanh 
700 0 # |a Trần Quy 
852 # # |b Kho đọc  |j KD.0001177 
852 # # |j KD.0001177 
910 |d 30/03/2011 
980 # # |a Trung tâm Học liệu Lê Vũ Hùng, Trường Đại học Đồng Tháp